LEADER 01220nam0 2200325 450 001 000008126 005 20070718103847.0 010 $a88-14-10218-X 100 $a20070718d2003----km-y0itay50------ba 101 0 $aita$afre$aeng 102 $aIT 105 $ay-------001yy 200 1 $aDiritto contrattuale europeo e diritto dei consumatori$el'integrazione europea e il processo civile$emateriali del Seminario del 12 luglio 2002$fraccolti da Guido Alpa e Remo Danovi 210 $aMilano$cGiuffré$d2003 215 $aVI, 414 p.$d24 cm 225 2 $aRassegna forense. Quaderni$v11 300 $aIn testa al front.: Consiglio nazionale forense 410 0$12001$aRassegna forense. Quaderni$v11 517 1 $aDiritto contrattuale europeo e diritto dei consumatori. 610 1 $aConsumatori - Tutela - Diritto comunitario 610 1 $aContratti - Diritto comunitario 676 $a341.753$v21 702 1$aAlpa,$bGuido 702 1$aDanovi,$bRemo 712 02$aConsiglio nazionale forense 801 0$aIT$bUNIPARTHENOPE$c2007$gRICA$2UNIMARC 912 $a000008126 951 $aH0032$b036091$cNAVA3$d20070718 996 $aDiritto contrattuale europeo e diritto dei consumatori$9663704 997 $aUNIPARTHENOPE LEADER 01422nam0 22003491i 450 001 PUV0799605 005 20231121125619.0 100 $a20180206d1963 ||||0itac50 ba 101 | $agrc$aeng$cgrc 102 $agb 181 1$6z01$ai $bxxxe 182 1$6z01$an 200 1 $a˜The œfrogs$fAristophanes$gedited with Introduction, Revised Text Commentary and Index by W. B. Stanford 205 $a2. edition 210 $aLondon$cMacmillan & Co LTD; new York$cSt Martin's Press$d1963 215 $aLX, 211 p.$d18 cm. 500 10$aRanae$3MIL0359280$9CFIV018870$917879 606 $aAristofane . Rane$xCommenti$2FIR$3RMLC440356$9E 676 $a882.01$9Poesia drammatica e letteratura drammatica greca classica. Periodo antico, fino al 499 ca.$v22 700 0$aAristophanes$3CFIV018870$4070$0602827 702 1$aStanford$b, William Bedell$3SBLV285111 790 0$aAristofane$3CFIV018871$zAristophanes 790 0$aAristofan?s$3CFIV316949$zAristophanes 790 1$aStanford$b, W. B.$3UMCV309624$zStanford, William Bedell 801 3$aIT$bIT-01$c20180206 850 $aIT-FR0017 899 $aBiblioteca umanistica Giorgio Aprea$bFR0017 $eN 912 $aPUV0799605 950 0$aBiblioteca umanistica Giorgio Aprea$d 52S.SIJ. LG2 Ari.Ranae.Sta.$e 52FLS0000233915 VMB RS $fA $h20180206$i20180206 977 $a 52 996 $aRanae$917879 997 $aUNICAS